| 000 | 02102nam a2200289 i 4500 | ||
|---|---|---|---|
| 003 | DO-SdBNP | ||
| 005 | 20260601123139.0 | ||
| 007 | ta | ||
| 008 | 260601e2025 dr ||||gr|||||||| ||spa d | ||
| 020 | _a9789945518504. | ||
| 040 |
_aDO-SdBNP _bspa _cBNPHU _erda |
||
| 041 | _aspa | ||
| 082 |
_bG993p 2025 _222 |
||
| 100 |
_aGuzmán Ovalle, Dilcia _985130 _eautor |
||
| 245 |
_aEl placer de dar : _clas claves para una vida plena a través de la generosidad y la empatía / _bDilcia Guzmán ; corrección: Eridania Rodríguez. |
||
| 264 |
_aSanto Domingo Republica Dominicana : _bPublicaciones Libertad, _c2025. |
||
| 300 |
_a120 paginas ; _c21 x 14 cm. |
||
| 336 |
_atexto _btxt _2rdacontent |
||
| 337 |
_asin mediación _bn _2rdamedia |
||
| 338 |
_avolumen _bnc _2rdacarrier |
||
| 500 | _a100 Libros para San Pedro. | ||
| 520 | _a“El Placer de Dar”, de Dilcia Guzmán, nos abre las puertas a una comprensión más profunda del poder transformador que reside en la generosidad. Este libro no se limita a exaltar los beneficios para quien recibe, sino que ilumina el impacto profundo y enriquecedor que el acto de dar tiene en nuestra propia vida y en el tejido mismo de nuestra sociedad. A través de reflexiones honestas y perspectivas inspiradoras, la autora nos muestra cómo la práctica constante de la generosidad puede cultivar la empatía, fortalecer las comunidades y generar un ciclo virtuoso de bienestar colectivo. “El Placer de Dar” es una invitación a desmantelar la creencia de que la felicidad se encuentra únicamente en la posesión, y a descubrir la plenitud que surge al contribuir al bienestar de los demás. Este libro es una lectura esencial para aquellos que buscan vivir una vida con propósito, conectarse de manera más auténtica con su entorno y experimentar la alegría genuina que proviene de sembrar semillas de bondad en el mundo. Prepárense para ser conmovidos e impulsados a hacer del dar una parte integral de su existencia. | ||
| 590 | _aInventariado, 2026/WG. | ||
| 650 | 0 |
_aFelicidad _95856 |
|
| 650 | 0 |
_aVida cristiana _9668 |
|
| 942 |
_2ddc _cLBS1 |
||
| 999 |
_c60846 _d60846 |
||